| 000 | 00671nam a2200205 a 4500 | ||
|---|---|---|---|
| 005 | 20230225063609.0 | ||
| 008 | 050930s1996 ea r 000 0 spa d | ||
| 020 | _a0521555930 | ||
| 035 | _aUPN01000140406 | ||
| 049 | _aCG | ||
| 050 | 4 |
_aQC16 S2.6 _bM6.3 |
|
| 100 | 1 |
_aMoore, Walter John, _d1918-2001 _941670 |
|
| 245 | 1 | 0 |
_aErwin Schrödinger : _buna vida / _cWalter Moore ; tr. de Miguel José Hagerty. |
| 260 |
_aGran Bretaña : _bCambridge University, _c1996. |
||
| 300 |
_a444 p. : _bil. |
||
| 534 |
_pTraducción de: _tA life of Erwin Schrödinger |
||
| 600 | 1 | 2 |
_aSchrödinger, Erwin, _d1887-1961 _926704 |
| 650 | 4 |
_aFísicos _vBiografías _99457 |
|
| 905 | _aLibro | ||
| 999 |
_c112554 _d112554 |
||